000 00462nam a22001457a 4500
005 20240822145444.0
008 240822b |||||||| |||| 00| 0 eng d
022 _a974-7614-35-9
050 _aS 599.6 .A1 P76 1987
_bC.1
100 _aLATHAN,M.
245 _aPROCEEDINGS OF THE REGIONAL SEMINAR ON SOIL MANAGEMENT UNDER HUMID CONDTIONS IN ASIA ...
260 _aBANGKHEN
_bFUNNY PUBLISHING LIMITED PARTNERSHIP
_c1986
300 _a463P.ILL.
942 _2lcc
_cBK
999 _c211583
_d211583